000 00661naa a2200229 i 4500
001 62258
003 ES-MaBCM
005 20250717062541.0
008 991005s1999 fra 000 0 fre d
021 _axx
035 _a(OCoLC)1365192347
040 _cES-MaBCM
041 0 _afre
043 _afra
100 1 _aHespel, Veronique
_922093
245 1 0 _aLes services d'aide aux personnes
_b: diagnostic et propositions
_cVeronique Hespel
650 2 7 _aPolítica social
_959845
651 4 _aFrancia
_9115364
700 1 _aThierry, Michel
_946161
773 0 _aEn:
_tFuturibles
_dParis : 1999
_w104423
_gnº 245, sept., p. 31-49. - Loc. S.164
942 _cAREV
999 _c62258
_d62258